Limpinho (Registo nº 3811)

Detalhes MARC
000 -Etiqueta do registo
Cabeçalho 00859nam0a2200241 4500
005 - Identificador da versão
Campo de controlo 20240902115221.0
100 ## - Dados gerais de processamento
Dados gerais de processamento 20170504d2002 a e0pory5003 ba
101 0# - Língua de publicação
Língua do texto, banda sonora, etc. Português
102 ## - Pais de publicação ou produção
País de publicação Portugal
200 1# - Titulo e menção de responsabilidade
Título próprio Limpinho
Informação de outro título o veículo eléctrico
Primeira menção de responsabilidade Ana Patrão, Elisete Andrade, Fernando Ferreira
210 ## - Publicação, Distribuição, etc. 
Lugar da edição, distribuição, etc. [S. l.]
Nome do editor, distribuidor, etc. Associação Portuguesa do Veículo Eléctrico. Direcção Geral de Transportes Terrestres
Data da publicação, distribuição, etc. [2001]
Data da impressão imp. 2002
215 ## - Descrição física 
Indicação específica da natureza do documento e extensão da espécie 7 p.
Outras indicações físicas il. color.
606 ## - Nome comum usado como assunto
Número de registo de entrada de autoridade 0001779
Palavra de ordem Literatura portuguesa
Subdivisão de assunto Banda desenhada
Código do sistema CA
Número de registo de entrada de autoridade 0001821
Palavra de ordem Veículos elétricos
Código do sistema CA
675 ## - Classificação Decimal Universal (CDU)
Notação 821.134.3(084.11)
Edição 3ª ed.
Língua da edição por
Notação 621.33
Edição 3ª ed.
Língua da edição por
700 #1 - Nome de autor-pessoa física (responsabilidade principal)
Número de registo de entrada de autoridade 0001823
Palavra de ordem Patrão
Outra parte do nome não tomada para palavra de ordem Ana
Elementos de identificação ou distinção e outros
701 #1 - Nome de autor-pessoa física (co-responsabilidade principal)
Palavra de ordem Andrade
Outra parte do nome não tomada para palavra de ordem Elisete
Elementos de identificação ou distinção e outros
Código de função Autor / Co-autor
Palavra de ordem Ferreira
Outra parte do nome não tomada para palavra de ordem Fernando
Elementos de identificação ou distinção e outros
Código de função Autor / Co-autor
942 ## - Elementos de entrada adicionados (Koha)
Tipo de item no Koha Livro
966 ## - Identificação da Biblioteca
Sigla EBVEN
Exemplares
Situação do levantamento Origin of item (home branch) (coded) Biblioteca de empréstimo Código de barras Cota Circulation type (not for loan) Tipo de documento Nota do exemplar Damaged status
  Biblioteca Escolar das Vendas Biblioteca Escolar das Vendas BEV748 8BD PAT   Livro Sem mensagem